| 000 | 00875nam0a22002411 4500 | ||
|---|---|---|---|
| 001 | rc\151508 | ||
| 005 | 20250620210921.0 | ||
| 035 | _a(NLR Aleph) 005419629 | ||
| 090 |
_a7461348 _c7461348 |
||
| 100 | _a20030307d1995 |||y0rusy50 ca | ||
| 101 | 0 | _arus | |
| 102 | _aRU | ||
| 105 | _ay ||||||||| | ||
| 200 | 1 |
_aУлучшение зрения без очков _e[Метод. пособие] _fМаксютова С.Г. _gСиб. акад. гос. службы. Каф. ФОиР |
|
| 210 |
_aНовосибирск _cСибАГС _d1995 |
||
| 215 |
_a[10] с. _d20 |
||
| 300 | _aНа обороте тит. л. авт.: Максютова С.Г., врач-офтальмолог | ||
| 700 | 1 |
_aМаксютова _bС.Г. _gСветлана Георгиевна |
|
| 801 | 0 |
_aRU _bNLR _gpsbo |
|
| 801 | 1 |
_aRU _bELAR _2rusmarc |
|
| 852 |
_aNLR _j97-4/3477 |
||
| 942 | _cBOOK | ||
| 980 | _aNB | ||